Numbers 1-100 in 15 Seconds - Statistics

General Stats
  • This quiz has been taken 1,095 times
  • The average score is 24 of 100
Answer Stats
Number % Correct
1
100%
2
97%
3
97%
4
96%
5
96%
6
95%
7
93%
8
93%
9
92%
10
84%
11
81%
12
79%
13
77%
14
74%
15
72%
16
70%
17
68%
18
67%
19
65%
20
63%
21
59%
22
56%
23
51%
24
46%
25
43%
26
42%
27
39%
28
38%
29
35%
30
31%
31
28%
32
26%
33
23%
34
19%
35
18%
36
17%
37
15%
38
14%
39
13%
40
9%
41
9%
42
8%
43
7%
44
5%
45
5%
46
5%
47
4%
48
4%
49
3%
50
2%
51
2%
52
2%
53
2%
54
1%
55
1%
56
1%
57
1%
58
1%
59
1%
60
1%
61
1%
62
1%
63
1%
64
1%
65
1%
66
1%
67
1%
68
1%
69
1%
70
1%
71
1%
72
1%
73
1%
74
1%
75
1%
76
1%
77
1%
78
1%
79
1%
80
1%
81
1%
82
1%
83
1%
84
1%
85
1%
86
1%
87
1%
88
1%
89
1%
90
1%
91
1%
100
0%
92
0%
93
0%
94
0%
95
0%
96
0%
97
0%
98
0%
99
0%
No matching quizzes found
Score Distribution
Percent of People with Each Score
Percentile by Number Answered
Your Score History
You have not taken this quiz